International RandD Spillovers /

The IMF Working Papers series is designed to make IMF staff research available to a wide audience. Almost 300 Working Papers are released each year, covering a wide range of theoretical and analytical topics, including balance of payments, monetary and fiscal issues, global liquidity, and national a...

ver descrição completa

Detalhes bibliográficos
Autor principal: Helpman, Elhanan
Outros Autores: Coe, David
Formato: Periódico
Idioma:English
Publicado em: Washington, D.C. : International Monetary Fund, 1993.
Colecção:IMF Working Papers; Working Paper ; No. 1993/084
Acesso em linha:Full text available on IMF
LEADER 01389cas a2200253 a 4500
001 AALejournalIMF004145
008 230101c9999 xx r poo 0 0eng d
020 |c 5.00 USD 
020 |z 9781451954401 
022 |a 1018-5941 
040 |a BD-DhAAL  |c BD-DhAAL 
100 1 |a Helpman, Elhanan. 
245 1 0 |a International RandD Spillovers /  |c Elhanan Helpman, David Coe. 
264 1 |a Washington, D.C. :  |b International Monetary Fund,  |c 1993. 
300 |a 1 online resource (36 pages) 
490 1 |a IMF Working Papers 
500 |a <strong>Off-Campus Access:</strong> No User ID or Password Required 
500 |a <strong>On-Campus Access:</strong> No User ID or Password Required 
506 |a Electronic access restricted to authorized BRAC University faculty, staff and students 
520 3 |a The IMF Working Papers series is designed to make IMF staff research available to a wide audience. Almost 300 Working Papers are released each year, covering a wide range of theoretical and analytical topics, including balance of payments, monetary and fiscal issues, global liquidity, and national and international economic developments. 
538 |a Mode of access: Internet 
700 1 |a Coe, David. 
830 0 |a IMF Working Papers; Working Paper ;  |v No. 1993/084 
856 4 0 |z Full text available on IMF  |u http://elibrary.imf.org/view/journals/001/1993/084/001.1993.issue-084-en.xml  |z IMF e-Library